Guess the Language - Let it go (Frozen) - Statistics

General Stats
  • This quiz has been taken 59 times
  • The average score is 17 of 25
Answer Stats
Hint Answer % Correct
The snow glows white on the mountain tonight Not a footprint to be seen... English
100%
Der Wind, er heult so wie der Sturm ganz tief in mir... German
98%
別樣他們 進來看見 做好女孩 就像你的從前 Mandarin
98%
ありのままの 姿見せるのよ Japanese
90%
Un royaume de solitude Ma place est là, pour toujours... French
88%
내 마음대로 자유롭게 살래 Korean
88%
¡Libre soy, libre soy! ¡Libertad sin vuelta atrás! Spanish (Latin America)
86%
Je suis la Comme je l'ai rêvé (Canadian) French
78%
Подвластны мне мороз и лёд Hу что за дивный дар Russian
78%
¡Qué pequeño todo es! Castilian (Spanish)
76%
Het werd mij teveel, hoe ik mijn best ook deed... Dutch
76%
誰亦要隨心講 忘掉昨天悲歌 Cantonese
73%
Wszystkim wbrew Na ten gest mnie stać Polish
73%
Visa ingenting, vad du än gör Allt är förstört! Swedish
69%
Estou aqui E vou ficar Venha a tempestade Portuguese
67%
Non è un difetto, è una virtù E non la fermerò mai più Italian
63%
ปล่อยออกมา เลิกซ่อนเร้น เด็กดีไม่เห็นมีค่า Thai
63%
En de storm raast door De vrieskou daar zat ik toch al niet mee! (Flemish) Dutch
59%
Og som krystaller står en tanke ganske klar Danish
53%
La den gå, la den gå Jeg skal stige lik solen nå Norwegian
51%
Сад је крај, cад је крај На крилима ветра сам Serbian
49%
Ще спра да бъда аз на миналото в плен Bulgarian
45%
Jöjjön száz orkán És közben a szívemen ül a jég Hungarian
45%
I les pors que em dominaven Per sempre han fugit Catalan
39%
Kuasaku buat hidup bercelaru Bahasa Malaysian
29%
No matching quizzes found
Score Distribution
Percent of People with Each Score
Percentile by Number Answered
Your Score History
You have not taken this quiz